000 00654nam a2200241 a 4500
001 68432
003 BD-RjUL
005 20211209081755.0
008 170403s1964 ii a|||| |||| 001 0 eng d
035 _a(BD-RjUL)68642
040 _aBD-RjUL
_beng
_cBD-RjUL
_dBD-RjUL
041 _aeng
082 _223
_a581
_bMUG 1964
100 1 _aMukherji, H.
_9196491
245 1 _aGeneral Botany /
_cH. Mukherji and A. K. Ganguly
250 _a3rd ed.
260 _aCulcutta :
_bThe New Book Stall,
_cc1964.
300 _a501 p. :
_bill. ;
_c21cm.
500 _aIncludes Index
650 _aBotany
_9198182
700 _a Ganguly, A. K.
_9202880
942 _2ddc
_cBK
999 _c68432
_d68432